Les personnages de Black Panther - #18 - Statistiques

Statistiques générales
  • Ce quiz a été pris 9 fois
  • Le résultat moyen est 8 sur 13
Statistiques - réponses
Réponse % Correct
T'Challa / Black Panther
100%
Shuri
89%
T'Chaka
89%
Erik Stevens / Killmonger
78%
M'baku
67%
Nakia
67%
Okoye
67%
Ramonda
67%
W'Kabi
44%
Ayo
33%
Bucky Barnes / le Soldat de l'Hiver
33%
Ulysses Klaue
33%
Everett K. Ross
22%
Aucun quiz correspondant
Distribution des résultats
% des personnes avec chaque résultat
Percentile par nombre de réponses
Votre historique - résultats
Vous n’avez pas pris ce quiz